000 01144nam0a22003011 4500
001 rc\3342668
005 20250609182308.0
021 _aRU
_b71-94071
021 _aRU
_bРг4036-72
035 _a(NLR Aleph) 007431744
090 _a7022983
_c7022983
100 _a20130115d1971 |||y0rusy50 ca
101 0 _arus
102 _aRU
105 _ay z |||||
200 1 _aСравнение синтетических и природных алмазов кубооктаэдрической формы
_e[Доклад
_fS. Tolansky
_gМеждунар. конф. по применению синтет. алмазов в пром-сти. Киев, 14-18 сент. 1971 г.
210 _aКиев]
_cБ. и.
_d1971
215 _a5 с.
_d30
309 _aБез тит. л. и обл.
320 _aБиблиогр.: с. 5
700 1 _aТоланский
_bС.
712 1 2 _aМеждународная конф. по применению синтет. алмазов в пром-сти (1971; Киев)
801 0 _aRU
_bNLR
_gpsbo
801 1 _aRU
_bELAR
_2rusmarc
852 _aNLR
_j72-8/255
942 _cBOOK
980 _aNB